000 02415nam2a22003371 4500
001 v19\rc\1513416
005 20250618165725.0
035 _a(NLR Aleph) 004637701
090 _a3252183
_c3252183
100 _a20060620d1885 |||y0rusy50 ca
101 1 _arus
_cger
102 _aRU
105 _aa c |||||
200 1 _aПрибавление к 1-ой ч., 2 т., сост. по 2-му испр. и доп. изм. изд.
_iБолезни почек и органов движения
_iКонституциональные болезни
_iОтравления
_iРецепты
210 _d1885
_aБ. м.
215 _aVIII, 363 с., 8 ил.
423 0 _11010#$arus
_12001#$aАлфавитный указатель к 1-му т. и к обеим частям 2-го т.
_153211$aАлфавитный указатель к первому тому и к обеим частям 2-го т.
_tАлфавитный указатель к 1-му т. и к обеим частям 2-го т.
461 0 _1001v19\rc\1513413
_12001#$a... Руководство к частной патологии и терапии внутренних болезней$eДля врачей и студентов$f[Соч.] Dr. Адольфа Штрюмпеля, проф. и дир. Мед. поликлиники Лейпциг. ун-та$vТ. 2. Ч. 2 (последняя)
_1700#1$aШтрюмпель$bА.$f1853-1925$gАдольф
_93252147
_aШтрюмпель, А. (1853-1925)
_cМосква
_d1884-1885
_f[Соч.] Dr. Адольфа Штрюмпеля, проф. и дир. Мед. поликлиники Лейпциг. ун-та
_nБ. Костылев и Н. Савельев
_oДля врачей и студентов. Т. 1-2
_p3 т.
_tРуководство к частной патологии и терапии внутренних болезней
_vТ. 2. Ч. 2 (последняя)
532 1 1 _aПрибавление к первой части второго тома, составленное по второму исправленному и доп. изм. изд.
801 0 _aRU
_bNLR
_gpsbo
801 0 _aRU
_bRuMoRGB
_2psbo
801 1 _aRU
_bProSoft-M
_2rusmarc
852 _aNLR
_j133/6191(т.2, ч.2)
852 _aNLR
_j18.282.6.12(т.2, ч.2)
899 _aRuMoRGB
_jW 214/153
899 _aRuMoRGB
_jT 24/184
899 _aБАН
899 _aНБ СПбГУ
942 _cBOOK
980 _aNB